000 00536nam a2200181 a 4500
001 1768117516271
003 YourLibrary
005 20260112125815.0
008 260111s2008##################000#0#eng##
020 _a9780073515243
082 0 4 _a302.23
_bALE
100 1 _aAlexander, Alison,
_eauthor.
245 1 0 _aMass Media and Society: Taking Sides - Clashing Views in Mass Media and Society :
260 _bMcGraw-Hill/Dushkin,
_c2008.
650 0 _aPerforming Arts.
942 _cENGLISH
040 _aYourLibrary
_beng
_cYourLibrary
999 _c608316
_d608316